Evropská unie připravuje reformu
Vývoj ekonomických integračných zoskupení. Zaostávanie Európskej únie za ekonomikou USA. Podnety Európskej rady ku zmenám v EÚ. Ekonomické a politické úskalia integrácie (zavedenie spoločnej meny euro). Budúcnosť demokracie v EÚ.
Na minha lista:
| Autor principal: | |
|---|---|
| Formato: | Capítulo de Livro |
| Idioma: | tcheco |
| Assuntos: | |
| Tags: |
Sem tags, seja o primeiro a adicionar uma tag!
|
MARC
| LEADER | 00000naa a2200000 4500 | ||
|---|---|---|---|
| 001 | r047608 | ||
| 005 | 20231004103941.8 | ||
| 041 | 0 | |a cze | |
| 044 | |a CZ | ||
| 245 | 1 | 0 | |a Evropská unie připravuje reformu |c Pavel Pešek |
| 520 | |a Vývoj ekonomických integračných zoskupení. Zaostávanie Európskej únie za ekonomikou USA. Podnety Európskej rady ku zmenám v EÚ. Ekonomické a politické úskalia integrácie (zavedenie spoločnej meny euro). Budúcnosť demokracie v EÚ. | ||
| 610 | 2 | 0 | |a integrácia ekonomická medzinárodná |
| 610 | 2 | 0 | |a Európska únia |
| 610 | 2 | 0 | |a USA |
| 610 | 2 | 0 | |a porovnanie medzinárodné |
| 610 | 2 | 0 | |a demokracia |
| 100 | 1 | |a Pešek, Pavel | |